Indian financial system (Record no. 7007)
[ view plain ]
| 000 -LEADER | |
|---|---|
| fixed length control field | 00315nam a2200145Ia 4500 |
| 003 - CONTROL NUMBER IDENTIFIER | |
| control field | OSt |
| 008 - FIXED-LENGTH DATA ELEMENTS--GENERAL INFORMATION | |
| fixed length control field | 191201s2019 xx 000 0 und d |
| 082 ## - DEWEY DECIMAL CLASSIFICATION NUMBER | |
| Classification number | 658.15 |
| Item number | MAI |
| 100 ## - MAIN ENTRY--PERSONAL NAME | |
| Personal name | MACHIRAJU,HR |
| 245 #0 - TITLE STATEMENT | |
| Title | Indian financial system |
| 260 ## - PUBLICATION, DISTRIBUTION, ETC. (IMPRINT) | |
| Name of publisher, distributor, etc | Vikas pub |
| Date of publication, distribution, etc | 2019 |
| 300 ## - PHYSICAL DESCRIPTION | |
| Extent | 474 |
| 650 ## - SUBJECT ADDED ENTRY--TOPICAL TERM | |
| Topical term or geographic name as entry element | MBA |
| 942 ## - ADDED ENTRY ELEMENTS (KOHA) | |
| Source of classification or shelving scheme | Dewey Decimal Classification |
| Koha item type | Text Books |
| Withdrawn status | Lost status | Source of classification or shelving scheme | Damaged status | Not for loan | Collection code | Home library | Current library | Date acquired | Source of acquisition | Cost, normal purchase price | Bill Number | Total Checkouts | Full call number | Acc. no. / Barcode | Date last seen | Actual Cost, discounted price | Bill Date | Koha item type | Date last borrowed | Checked out |
|---|---|---|---|---|---|---|---|---|---|---|---|---|---|---|---|---|---|---|---|---|
| Dewey Decimal Classification | MBA | PIET C-LIBRARY | PIET C-LIBRARY | 21/07/2020 | Kirti Prakashan | 450.00 | IN 3907 | 658.15 MAI | 31112 | 04/12/2019 | 301.50 | 18/05/2019 | Text Books | |||||||
| Dewey Decimal Classification | MBA | PIET C-LIBRARY | PIET C-LIBRARY | 21/07/2020 | Kirti Prakashan | 450.00 | IN 3907 | 1 | 658.15 MAI | 31113 | 28/03/2022 | 301.50 | 18/05/2019 | Text Books | 15/03/2022 | |||||
| Dewey Decimal Classification | MBA | PIET C-LIBRARY | PIET C-LIBRARY | 21/07/2020 | Kirti Prakashan | 450.00 | IN 3907 | 658.15 MAI | 31114 | 04/12/2019 | 301.50 | 18/05/2019 | Text Books | |||||||
| Dewey Decimal Classification | MBA | PIET C-LIBRARY | PIET C-LIBRARY | 21/07/2020 | Kirti Prakashan | 450.00 | IN 3907 | 1 | 658.15 MAI | 31115 | 29/01/2025 | 301.50 | 18/05/2019 | Text Books | 29/01/2025 | 18/08/2025 | ||||
| Dewey Decimal Classification | MBA | PIET C-LIBRARY | PIET C-LIBRARY | 21/07/2020 | Kirti Prakashan | 450.00 | IN 3907 | 658.15 MAI | 31116 | 04/12/2019 | 301.50 | 18/05/2019 | Text Books |